[Event "EU-ch (Women) 15th"]
[Site "Plovdiv"]
[Date "2014.07.14"]
[Round "8"]
[White "Zimina, Olga"]
[Black "Sargsyan, Shushanna"]
[Result "1-0"]
[WhiteElo "2351"]
[BlackElo "2107"]
[PlyCount "93"]
[EventDate "2014.07.06"]
[EventType "swiss"]
[EventRounds "11"]
[EventCountry "BUL"]
[SourceTitle "CBM 162"]
[Source "ChessBase"]
[SourceDate "2014.09.17"]
[SourceVersion "1"]
[SourceVersionDate "2014.09.17"]
[SourceQuality "1"]

1. Nf3 d5 2. c4 d4 3. g3 c5 4. b4 cxb4 5. a3 b3 6. d3 Nc6 7. Nbd2 e5 8. Bg2 Nf6 9. 0-0 Be7 10. Nxb3 0-0 11. Bd2 Ne8 12. Ne1 Be6 13. Nc2 f5 14. Nb4 Rc8 15. Nd5 Bd6 16. f4 Nf6 17. fxe5 Nxe5 18. Nf4 Bf7 19. Bxb7 Rb8 20. Bg2 Re8 21. Kh1 Bc7 22. Nc5 Neg4 23. Na6 Rb2 24. Nxc7 Qxc7 25. Qc1 Rbb8 26. Rb1 Ne3 27. Bxe3 Rxe3 28. Rxb8+ Qxb8 29. Qb1 Qd8 30. Qb7 a5 31. Rb1 g5 32. Nh3 Ng4 33. Bf3 Kg7 34. Qb6 Qxb6 35. Rxb6 h6 36. Rb2 Ne5 37. Ng1 g4 38. Bb7 Ng6 39. Kg2 f4 40. Kf2 h5 41. Rb5 f3 42. Be4 fxe2 43. Nxe2 Bxc4 44. Rb7+ Kh6 45. Nxd4 Rxd3 46. Bxd3 Bxd3 47. Ra7 1-0

[Event "EU-ch (Women) 15th"]
[Site "Plovdiv"]
[Date "2014.07.08"]
[Round "3"]
[White "Sargsyan, Shushanna"]
[Black "Shivacheva, Donika"]
[Result "1-0"]
[WhiteElo "2107"]
[BlackElo "1790"]
[PlyCount "79"]
[EventDate "2014.07.06"]
[EventType "swiss"]
[EventRounds "11"]
[EventCountry "BUL"]
[SourceTitle "CBM 162"]
[Source "ChessBase"]
[SourceDate "2014.09.17"]
[SourceVersion "1"]
[SourceVersionDate "2014.09.17"]
[SourceQuality "1"]

1. c4 Nc6 2. Nc3 e5 3. g3 g6 4. Bg2 Bg7 5. d3 d6 6. Rb1 a5 7. Nf3 f5 8. 0-0 Nge7 9. a3 0-0 10. Bd2 Bd7 11. b4 axb4 12. axb4 Qc8 13. Qb3 Kh8 14. Rfc1 e4 15. dxe4 fxe4 16. Nxe4 Bf5 17. Nh4 Nd4 18. Qd3 Bg4 19. Nf3 Nec6 20. Nxd4 Nxd4 21. f3 Bf5 22. Bc3 Ra3 23. Kh1 Bxe4 24. fxe4 Rxc3 25. Rxc3 Nxe2 26. Ra3 Nd4 27. c5 dxc5 28. bxc5 Rd8 29. Qc4 c6 30. Rd3 Qc7 31. Qb4 Nb5 32. Rbd1 Rxd3 33. Rxd3 h5 34. Qc4 Qa5 35. h4 Qa1+ 36. Kh2 Qf6 37. Rd7 Nd4 38. Qf7 Qe5 39. Qxg6 Ne6 40. Re7 1-0

[Event "EU-ch (Women) 15th"]
[Site "Plovdiv"]
[Date "2014.07.06"]
[Round "1"]
[White "Schleining, Zoya"]
[Black "Sargsyan, Shushanna"]
[Result "1-0"]
[WhiteElo "2376"]
[BlackElo "2107"]
[PlyCount "111"]
[EventDate "2014.07.06"]
[EventType "swiss"]
[EventRounds "11"]
[EventCountry "BUL"]
[SourceTitle "CBM 162"]
[Source "ChessBase"]
[SourceDate "2014.09.17"]
[SourceVersion "1"]
[SourceVersionDate "2014.09.17"]
[SourceQuality "1"]

1. f4 d5 2. Nf3 c5 3. e3 Nc6 4. Bb5 Qb6 5. a4 Nf6 6. 0-0 Bg4 7. Nc3 a5 8. b3 e6 9. h3 Bh5 10. Bb2 Rd8 11. Ne2 Be7 12. g4 Bg6 13. d3 0-0 14. Ng3 h6 15. Qe1 Nb4 16. Rc1 Nd7 17. Bxd7 Rxd7 18. Ne5 Rdd8 19. f5 exf5 20. gxf5 Bh7 21. Nh5 d4 22. f6 Bd6 23. fxg7 Bxe5 24. gxf8Q+ Kxf8 25. Nf4 Qd6 26. Qh4 Nc6 27. Rce1 Ke8 28. e4 Kd7 29. Kh1 f5 30. Bc1 Kc8 31. Rg1 Rf8 32. Nd5 fxe4 33. dxe4 Kb8 34. Ref1 Rd8 35. Rg4 Rf8 36. Rgg1 Re8 37. Nb6 Bh2 38. Nc4 Qc7 39. Bf4 Bxf4 40. Rxf4 Nb4 41. Rg2 d3 42. c3 Nc6 43. Rgf2 Ne5 44. Rf8 Rxf8 45. Rxf8+ Ka7 46. Nd2 Nc6 47. Qf4 Qg7 48. Rf7 Qxc3 49. Rxh7 Nd4 50. Qf7 Qb4 51. Qc4 Qb6 52. Qxd3 Qg6 53. Rd7 Qe6 54. Rxd4 cxd4 55. Qxd4+ b6 56. Kh2 1-0

[Event "EU-ch 15th"]
[Site "Yerevan"]
[Date "2014.03.14"]
[Round "11"]
[White "Sargsyan, Shushanna"]
[Black "Khachatryan, Vahagn"]
[Result "1/2-1/2"]
[WhiteElo "2093"]
[BlackElo "2278"]
[PlyCount "81"]
[EventDate "2014.03.03"]
[EventType "swiss"]
[EventRounds "11"]
[EventCountry "ARM"]
[SourceTitle "CBM 160"]
[Source "ChessBase"]
[SourceDate "2014.05.15"]
[SourceVersion "1"]
[SourceVersionDate "2014.05.15"]
[SourceQuality "1"]

1. d4 d5 2. Nf3 Nf6 3. c4 c6 4. e3 Bg4 5. Nc3 e6 6. h3 Bxf3 7. Qxf3 Nbd7 8. Bd2 Bd6 9. Bd3 0-0 10. g4 dxc4 11. Bxc4 e5 12. 0-0-0 exd4 13. exd4 Bb4 14. g5 Bxc3 15. bxc3 Nb6 16. Bd3 Qd5 17. Qxd5 Nfxd5 18. c4 Nc7 19. h4 Ne6 20. Be3 Rad8 21. Rhe1 Rd7 22. d5 cxd5 23. Bxb6 axb6 24. cxd5 Nf4 25. d6 Nxd3+ 26. Rxd3 Rc8+ 27. Kb2 Kf8 28. Kb3 Rc6 29. Red1 f6 30. f4 Kf7 31. f5 Rc5 32. Rd5 Rc8 33. Re1 Rc6 34. Re6 Rc1 35. gxf6 gxf6 36. Re4 Rc6 37. Red4 h5 38. Rd1 Kf8 39. a4 Kf7 40. R1d2 Kf8 41. R5d3 1/2-1/2

[Event "EU-ch 15th"]
[Site "Yerevan"]
[Date "2014.03.12"]
[Round "9"]
[White "Sargsyan, Shushanna"]
[Black "Mkrtchyan, Sargis R"]
[Result "1-0"]
[WhiteElo "2093"]
[BlackElo "1909"]
[PlyCount "81"]
[EventDate "2014.03.03"]
[EventType "swiss"]
[EventRounds "11"]
[EventCountry "ARM"]
[SourceTitle "CBM 160"]
[Source "ChessBase"]
[SourceDate "2014.05.15"]
[SourceVersion "1"]
[SourceVersionDate "2014.05.15"]
[SourceQuality "1"]

1. d4 Nf6 2. Bg5 e6 3. Nf3 d5 4. e3 c5 5. c3 Qb6 6. Qc2 Nc6 7. Nbd2 Bd7 8. Bd3 Rc8 9. Qb1 Be7 10. 0-0 h6 11. Bh4 cxd4 12. exd4 g5 13. Bg3 Nh5 14. Ne5 Nxe5 15. Bxe5 f6 16. Bg6+ Kd8 17. Bxh5 fxe5 18. dxe5 Bb5 19. c4 Bxc4 20. Nxc4 Rxc4 21. Qg6 Rf8 22. Rad1 Rcf4 23. Rd2 Qe3 24. Re2 Qb6 25. g3 Rb4 26. b3 a5 27. Rc1 Rb5 28. Qxh6 Kd7 29. Rec2 Rc5 30. Bg4 Qc6 31. Rxc5 Bxc5 32. Qg7+ Ke8 33. Bh5+ Kd8 34. Qxg5+ Kc8 35. Rc2 Kb8 36. Bg4 Qb6 37. Kg2 Rxf2+ 38. Rxf2 Bxf2 39. Bxe6 Bg1 40. Qf6 d4 41. Bd5 1-0

[Event "EU-ch 15th"]
[Site "Yerevan"]
[Date "2014.03.04"]
[Round "2"]
[White "Baghdasaryan, Vahe"]
[Black "Sargsyan, Shushanna"]
[Result "0-1"]
[WhiteElo "2368"]
[BlackElo "2093"]
[PlyCount "120"]
[EventDate "2014.03.03"]
[EventType "swiss"]
[EventRounds "11"]
[EventCountry "ARM"]
[SourceTitle "CBM 160"]
[Source "ChessBase"]
[SourceDate "2014.05.15"]
[SourceVersion "1"]
[SourceVersionDate "2014.05.15"]
[SourceQuality "1"]

1. e4 c6 2. d4 d5 3. e5 Bf5 4. h4 h6 5. g4 Be4 6. f3 Bh7 7. e6 Qd6 8. exf7+ Kxf7 9. Bd3 Qg3+ 10. Kf1 Nf6 11. Bxh7 Rxh7 12. Qd3 Qc7 13. Nh3 Kg8 14. g5 hxg5 15. hxg5 Nh5 16. g6 Rh8 17. Rg1 e5 18. dxe5 Qxe5 19. Rg5 Qe6 20. f4 Nd7 21. Qf3 Nhf6 22. Nf2 Re8 23. Bd2 Bc5 24. Nc3 Ne4 25. Ncxe4 dxe4 26. Qe2 e3 27. f5 Qd5 28. Bc3 Rh2 29. f6 Rxf2+ 30. Qxf2 e2+ 31. Ke1 Bxf2+ 32. Kxf2 Qxg5 33. f7+ Kf8 34. Bxg7+ Ke7 35. fxe8Q+ Kxe8 36. Re1 Qxg6 37. Rxe2+ Kd8 38. Bc3 Kc7 39. b3 c5 40. Ke1 Kc6 41. Kd1 Nb6 42. Kc1 Nd5 43. Bd2 Nb4 44. Bxb4 cxb4 45. Re1 a5 46. Kb2 b5 47. Rf1 Qg5 48. a3 bxa3+ 49. Kxa3 Qd2 50. Kb2 a4 51. bxa4 Qb4+ 52. Ka2 bxa4 53. Rb1 Qc4+ 54. Kb2 Kb5 55. Ka1+ Ka5 56. Rb8 Qc7 57. Rb2 a3 58. Rb3 Ka4 59. Kb1 Qc4 60. Rb8 Qe4 0-1

[Event "Wch U20 Girls 30th"]
[Site "Athens"]
[Date "2012.08.10"]
[Round "8"]
[White "Sargsyan, Shushanna"]
[Black "Dominguez, Gisella"]
[Result "1-0"]
[WhiteElo "2047"]
[BlackElo "1831"]
[PlyCount "49"]
[EventDate "2012.08.02"]
[EventType "swiss"]
[EventRounds "13"]
[EventCountry "GRE"]
[SourceTitle "CBM 149 Extra"]
[Source "ChessBase"]
[SourceDate "2012.08.24"]
[SourceVersion "1"]
[SourceVersionDate "2012.08.24"]
[SourceQuality "1"]

1. d4 Nf6 2. Bg5 g6 3. Bxf6 exf6 4. c4 Bg7 5. Nc3 0-0 6. g3 f5 7. Bg2 d6 8. e3 Nd7 9. Nge2 Nf6 10. 0-0 Re8 11. Qc2 Rb8 12. b4 c6 13. Rab1 Qe7 14. b5 cxb5 15. Nxb5 a6 16. Nbc3 Ne4 17. Nf4 Nxc3 18. Qxc3 Be6 19. Nd5 Bxd5 20. Bxd5 Rec8 21. Rb6 g5 22. Rfb1 Rc7 23. Rxa6 b5 24. Rc6 Rcb7 25. cxb5 1-0

[Event "Wch U20 Girls 30th"]
[Site "Athens"]
[Date "2012.08.03"]
[Round "2"]
[White "Medeiros, Thauane Ferreira"]
[Black "Sargsyan, Shushanna"]
[Result "1/2-1/2"]
[WhiteElo "1855"]
[BlackElo "2047"]
[PlyCount "73"]
[EventDate "2012.08.02"]
[EventType "swiss"]
[EventRounds "13"]
[EventCountry "GRE"]
[SourceTitle "CBM 149 Extra"]
[Source "ChessBase"]
[SourceDate "2012.08.24"]
[SourceVersion "1"]
[SourceVersionDate "2012.08.24"]
[SourceQuality "1"]

1. d4 e6 2. e3 c5 3. Nf3 Nf6 4. Bd3 b6 5. Qe2 Bb7 6. 0-0 Be7 7. Nbd2 0-0 8. b3 Nc6 9. a3 Qc7 10. Bb2 cxd4 11. Nxd4 Nxd4 12. exd4 Nd5 13. Qh5 f5 14. Qd1 Nf4 15. Nf3 Bd6 16. Rc1 Rf6 17. Re1 Rg6 18. g3 Qc6 19. Re3 Nh3+ 20. Kf1 Be7 21. c4 Bg5 22. d5 Qc7 23. Nxg5 Nxg5 24. Qe1 Rf8 25. f4 Ne4 26. Bxe4 fxe4 27. Rxe4 exd5 28. Re8 Qd6 29. Rd1 Kf7 30. Rxf8+ Kxf8 31. cxd5 Ba6+ 32. Kf2 Qc5+ 33. Qe3 Qc2+ 34. Rd2 Qb1 35. Qe1 Qf5 36. Qe5 Qb1 37. Qe1 1/2-1/2

[Event "EU-ch U18 Girls"]
[Site "Batumi"]
[Date "2010.09.20"]
[Round "1"]
[White "Olsarova, Karolina"]
[Black "Sargsyan, Shushanna"]
[Result "1-0"]
[WhiteElo "2203"]
[BlackElo "1986"]
[PlyCount "65"]
[EventDate "2010.09.20"]
[EventType "swiss"]
[EventRounds "9"]
[EventCountry "GEO"]
[SourceTitle "CBM 138 Extra"]
[Source "ChessBase"]
[SourceDate "2010.10.29"]
[SourceVersion "1"]
[SourceVersionDate "2010.10.29"]
[SourceQuality "1"]

1. e4 e6 2. d4 d5 3. Nd2 Nf6 4. e5 Nfd7 5. Bd3 c5 6. c3 Nc6 7. Ne2 Qb6 8. Nf3 cxd4 9. cxd4 Bb4+ 10. Kf1 0-0 11. Bxh7+ Kxh7 12. Ng5+ Kg8 13. Qd3 Re8 14. Qh7+ Kf8 15. Qh8+ Ke7 16. Qxg7 Ndxe5 17. dxe5 Nxe5 18. Be3 Bc5 19. Qxe5 f6 20. Bxc5+ Qxc5 21. Ne4 fxe5 22. Nxc5 b6 23. Nb3 Ba6 24. Ke1 Rac8 25. Rc1 Bc4 26. Nd2 Bd3 27. Rc3 e4 28. f3 Rg8 29. Kf2 Rcf8 30. g3 e5 31. Re1 d4 32. Nxd4 Kd6 33. Nc2 1-0

[Event "EU-ch U18 Girls 19th"]
[Site "Fermo"]
[Date "2009.09.01"]
[Round "2"]
[White "Sargsyan, Shushanna"]
[Black "Boric, Masa"]
[Result "1-0"]
[WhiteElo "1916"]
[BlackElo "1671"]
[PlyCount "79"]
[EventDate "2009.08.31"]
[EventType "swiss"]
[EventRounds "9"]
[EventCountry "ITA"]
[SourceTitle "CBM 132 Extra"]
[Source "ChessBase"]
[SourceDate "2009.11.03"]
[SourceVersion "1"]
[SourceVersionDate "2009.11.03"]
[SourceQuality "1"]

1. d4 f5 2. g3 d5 3. Nf3 e6 4. Bg2 Nf6 5. c4 c6 6. 0-0 Bd6 7. b3 0-0 8. Ba3 Bxa3 9. Nxa3 Nbd7 10. e3 Qe7 11. Nc2 Ne4 12. Qd3 Ng5 13. Nce1 Nxf3+ 14. Nxf3 Nf6 15. Ne5 Bd7 16. a3 Ng4 17. Nf3 Be8 18. b4 Bg6 19. Qb3 Bf7 20. cxd5 cxd5 21. Rfc1 Rac8 22. Rc3 Qd7 23. Rac1 Rxc3 24. Qxc3 Rd8 25. Qc7 g6 26. h3 Nf6 27. Ne5 Qxc7 28. Rxc7 Be8 29. Rxb7 Ra8 30. Re7 a5 31. Rxe6 axb4 32. axb4 Kg7 33. Rb6 Ra1+ 34. Bf1 Ne4 35. Kg2 Ra2 36. Nd3 g5 37. b5 Ra3 38. Rb8 Kf7 39. Ne5+ Ke7 40. Rb7+ 1-0